000 00926nam a22002537a 4500
001 23565
003 DO-SdBNP
005 20180315105812.0
007 23565
008 160509b 2013 dr ||||| |||| 00| 0 spa d
040 _aBPMSU
_bspa
_cBPMSU
245 _aMódulo II :
_bprimer ciclo de educación básica de personas jóvenes y adultas /
_cproducción María del Jesús de la Rosa Tapia ; coordinación Mirían Camilo Recio ; ilustración Ramón L. Sandoval
260 _aSanto Domingo :
_bMinisterio de Educación
_c2013
300 _a160 p. :
_bil. ;
_c29 cm.
500 _a
505 _aMódulo II :
_tLa familia
700 _a Rosa Tapia, María del Jesús de la
700 _a Sandoval, Ramón L.
_eil.
700 _a
_e
710 _aRepública Dominicana
_bMinisterio de Educación
942 _2ddc
_cBK
945 _aRemanejado para la BNPHU / 2018 VM
956 _2VMATEO
_310
_620160509
_8BPMSU
_a0069
999 _c10041
_d10041